000 00700nam a2200241Ia 4500
003 OSt
005 20220924122212.0
006 a|||||r|||| 00| 0
007 ta
008 220923b |||||||| |||| 00| 0 urd d
024 _a264305
037 _cTextual
040 _aARTS
_cARTS
_burd
041 _2urd
_aurd
082 _aO168,1M37x, L0.1-.2
100 _aSiddiqi Iftekhar Ahmad
_9188710
245 0 _aUrdu Classiki Adab
_b Kulliyat-e- nazm-e-Hali
260 _aLahore
_bMajlis Taraqqi Adab Pakistan
_c1970
300 _a448p.
_ccm.
650 _aURDU POETRY
942 _hO168,1M37x, L0.1-.2
_cTEXL
_2CC
999 _c410711
_d410711